000 00583nam a2200181Ia 4500
003 GCL
008 140319s9999 xx 000 0 ara d
040 _aGCL /
_cGCL
082 0 4 _a257.3
_bم ا
100 1 _aمحمد الغزالى
245 1 0 _aالاسلام والاوضاع الاقتصادية /
_cمحمد الغزالى
300 _a147 ص
490 _aالهيئة العامة للاستعلامات
_v0
650 0 4 _aالاسلام
650 0 4 _aالاقتصاد الاسلامى
650 0 4 _aالاسلام والاوضاع الاقتصادية
942 _2ddc
_cBK
999 _c49500
_d49500